| 000 | 00732nam a2200205Ii 4500 | ||
|---|---|---|---|
| 003 | JO-AjNU | ||
| 008 | 230605s9999||||xx |||||||||||||| ||und|| | ||
| 017 | _a2011/5/1953 | ||
| 040 |
_aJO-AjNU _bara _erda _cJO-AjNU |
||
| 041 | _aara | ||
| 050 | 1 | 4 | _aT58.6.K58.2011 |
| 100 | 3 |
_aكتانة، خيري/م مشارك دودين زياد, _eauthor _940866 |
|
| 245 | 0 | 0 | _aالاساليب الحديثة في تحليل انظمة المعلومات وتصميمها |
| 264 | 3 | 1 | _aعمان:المؤلف،2011 |
| 300 | _a352ص | ||
| 336 |
_atext _btxt _2rdacontent |
||
| 337 |
_aunmediated _bn _2rdamedia |
||
| 338 |
_avolume _bnc _2rdacarrier |
||
| 650 | 4 |
_aادارة الاعمال-نظم معلومات الادارية _940867 |
|
| 999 |
_aA17377 _c20945 _d20945 |
||